[Event "Unterfranken-ch HB 53th"]
[Site "Wuerzburg"]
[Date "2002.??.??"]
[Round "4"]
[White "Rumetsch, Dieter"]
[Black "Voelker, Joachim"]
[Result "1/2-1/2"]
[WhiteElo "1634"]
[BlackElo "1616"]
[PlyCount "102"]
[EventDate "2002.04.01"]
[EventType "swiss"]
[EventRounds "9"]
[EventCountry "GER"]
[SourceTitle "EXT 2015"]
[Source "ChessBase"]
[SourceDate "2014.11.20"]
[SourceVersion "1"]
[SourceVersionDate "2014.11.20"]
[SourceQuality "1"]

1. c4 e6 2. Nf3 d5 3. g3 Nf6 4. Bg2 Be7 5. 0-0 0-0 6. b3 Ne4 7. Bb2 Bf6 8. Qc2 Nc6 9. Nc3 Nxc3 10. Bxc3 d4 11. Bb2 e5 12. d3 Bf5 13. a3 Qd7 14. Nd2 Bh3 15. b4 Bxg2 16. Kxg2 Be7 17. b5 Nd8 18. Nf3 f6 19. a4 Ne6 20. Rfc1 Rad8 21. Ba3 Bxa3 22. Rxa3 Nc5 23. Nd2 f5 24. Nb3 Ne6 25. c5 f4 26. Qc4 Qf7 27. f3 Kh8 28. g4 Qg6 29. Nd2 Qh6 30. Ne4 Ng5 31. Nxg5 Qxg5 32. Rh1 Qh4 33. c6 Qe7 34. Ra2 b6 35. a5 Qf7 36. Qxf7 Rxf7 37. axb6 axb6 38. Rha1 Rff8 39. Ra7 Rc8 40. Rb7 Rf7 41. Raa7 Kg8 42. Kf1 Kf8 43. Ke1 Ke8 44. Kd2 Re7 45. Kc2 Kd8 46. Ra1 Re6 47. Rba7 Re8 48. Ra8 Ke7 49. Rxc8 Rxc8 50. Kb3 Ke6 51. Kc4 Rf8 1/2-1/2

[Event "Unterfranken-ch HB 53th"]
[Site "Wuerzburg"]
[Date "2002.??.??"]
[Round "6"]
[White "Rumetsch, Dieter"]
[Black "Werner, Stefan1111"]
[Result "1-0"]
[WhiteElo "1634"]
[BlackElo "1718"]
[PlyCount "76"]
[EventDate "2002.04.01"]
[EventType "swiss"]
[EventRounds "9"]
[EventCountry "GER"]
[SourceTitle "EXT 2015"]
[Source "ChessBase"]
[SourceDate "2014.11.20"]
[SourceVersion "1"]
[SourceVersionDate "2014.11.20"]
[SourceQuality "1"]

1. d4 Nf6 2. c4 g6 3. Nc3 Bg7 4. e4 d6 5. f3 c6 6. Be3 0-0 7. Bd3 Nbd7 8. Nge2 e5 9. 0-0 exd4 10. Nxd4 Ne5 11. Be2 d5 12. cxd5 cxd5 13. Bf4 Nc4 14. Bxc4 dxc4 15. Ndb5 Qb6+ 16. Kh1 Bd7 17. Qd6 Bc6 18. a4 Rad8 19. a5 Qa6 20. Nc7 Rxd6 21. Bxd6 Rd8 22. Bg3 Bb5 23. Nxa6 Bxa6 24. Rad1 Re8 25. Bf2 Nh5 26. g3 b6 27. axb6 axb6 28. Bxb6 Bf6 29. f4 Bb7 30. Kg1 Ng7 31. e5 Be7 32. Nd5 Bf8 33. Nf6+ Kh8 34. Nxe8 Nxe8 35. Rd8 Bc6 36. Rfd1 Be7 37. Rc8 Kg7 38. Rxc6 h5 1-0

[Event "Unterfranken-ch HB 53th"]
[Site "Wuerzburg"]
[Date "2002.??.??"]
[Round "1"]
[White "Susallek, Markus"]
[Black "Rumetsch, Dieter"]
[Result "1-0"]
[WhiteElo "1835"]
[BlackElo "1634"]
[PlyCount "39"]
[EventDate "2002.04.01"]
[EventType "swiss"]
[EventRounds "9"]
[EventCountry "GER"]
[SourceTitle "EXT 2015"]
[Source "ChessBase"]
[SourceDate "2014.11.20"]
[SourceVersion "1"]
[SourceVersionDate "2014.11.20"]
[SourceQuality "1"]

1. e4 c5 2. Nf3 d6 3. d4 cxd4 4. Nxd4 Nf6 5. Nc3 e6 6. Bc4 Be7 7. Be3 0-0 8. Qe2 a6 9. Bb3 Qc7 10. g4 Nc6 11. Rg1 Bd7 12. g5 Ne8 13. h4 Na5 14. h5 Nxb3 15. axb3 g6 16. hxg6 fxg6 17. 0-0-0 b5 18. Nf5 Bc6 19. Nh6+ Kg7 20. f4 1-0